Rétorika a štylistika

Na minha lista:
Detalhes bibliográficos
Autor principal: Barátová, Jana
Autor Corporativo: Ekonomická univerzita v Bratislave. Fakulta medzinárodných vzťahov
Formato: Livro
Idioma:eslovaco
Publicado em: Bratislava Vydavateľstvo EKONÓM 2007
Edição:3. vyd.
Assuntos:
Tags: Adicionar Tag
Sem tags, seja o primeiro a adicionar uma tag!

MARC

LEADER 00000nam$a2200000$$$4500
001 0067153
005 20240502071814.2
020 |a 978-80-225-2415-5 
041 0 |a slo 
044 |a SK 
245 1 0 |a Rétorika a štylistika  |c Jana Barátová 
250 |a 3. vyd. 
264 1 |a Bratislava  |b Vydavateľstvo EKONÓM  |c 2007 
300 |a 161 s. 
610 2 0 |a rétorika 
610 2 0 |a štylistika 
610 2 0 |a dejiny 
610 2 0 |a pojmy 
610 2 0 |a jazykoveda 
610 2 0 |a terminológia 
610 2 0 |a prejavy 
610 2 0 |a prednášky 
610 2 0 |a komunikácia 
610 2 0 |a štúdie prípadové 
610 2 0 |a analýzy 
100 1 |a Barátová, Jana 
710 2 |a Ekonomická univerzita v Bratislave. Fakulta medzinárodných vzťahov